000 00913nam a2200205Ia 4500
003 Ost
005 20260507075018.0
008 260507s9999||||xx |||||||||||||| ||und||
040 _cfsecg
041 _aara
082 _a370.182
100 _aالعيسوي، عبد الرحمان محمد
_eمؤلف
245 0 _aدراسات في الإحصاء السيكولوجي التطبيقي المتقدم /
_c عبد الرحمان محمد العيسوي
260 _aالإسكندرية:
_bدار المعرفة الجامعية,
_c2003
300 _a504 صفحة؛
_bإيضاحات ؛
_c24 سم
520 _aالسبيل إلى إتقان المهارات الإحصائية المتقدمة-دراسة ميدانية للميول الدراسية للطلبة الجامعيين
653 _aالإحصاء التربوي
653 _aالتعليم-الطرق الإحصائية
942 _cكتاب
999 _c42242
_d42242